Library Logo

Pioneer International University Library Catalogue

HISPANIC SCIENTISTS/ (Record no. 9852)

MARC details
000 -LEADER
fixed length control field 00409nam a22001577a 4500
003 - CONTROL NUMBER IDENTIFIER
control field OSt
005 - DATE AND TIME OF LATEST TRANSACTION
control field 20251202075850.0
008 - FIXED-LENGTH DATA ELEMENTS--GENERAL INFORMATION
fixed length control field 251202b |||||||| |||| 00| 0 eng d
020 ## - INTERNATIONAL STANDARD BOOK NUMBER
International Standard Book Number 1560653604
040 ## - CATALOGING SOURCE
Transcribing agency CAPSTONE PRESS
050 ## - LIBRARY OF CONGRESS CALL NUMBER
Classification number Q 141 .K24 1996
Item number .K24 1996
245 ## - TITLE STATEMENT
Title HISPANIC SCIENTISTS/
Statement of responsibility, etc. JOHN, JETTY ST.
250 ## - EDITION STATEMENT
Edition statement 1ST EDITION
260 ## - PUBLICATION, DISTRIBUTION, ETC.
Place of publication, distribution, etc. MANKATO:
Name of publisher, distributor, etc. CAPSTONE PRESS,
Date of publication, distribution, etc. 1996
942 ## - ADDED ENTRY ELEMENTS (KOHA)
Source of classification or shelving scheme Library of Congress Classification
Koha item type Books
Suppress in OPAC No
Holdings
Withdrawn status Lost status Source of classification or shelving scheme Damaged status Not for loan Home library Current library Date acquired Total checkouts Barcode Date last seen Price effective from Koha item type
    Library of Congress Classification     PIU Library PIU Library 12/02/2025   PIUDL876 12/02/2025 12/02/2025 Books